Little mouse gets ready : (Record no. 6277)

MARC details
000 -LEADER
fixed length control field 01017cam a2200337 a 4500
001 - CONTROL NUMBER
control field 6277
003 - CONTROL NUMBER IDENTIFIER
control field FISKH
005 - DATE AND TIME OF LATEST TRANSACTION
control field 20250408102148.0
008 - FIXED-LENGTH DATA ELEMENTS--GENERAL INFORMATION
fixed length control field 090105s2009 nyua b 000 1 eng
010 ## - LIBRARY OF CONGRESS CONTROL NUMBER
LC control number 2008055403
020 ## - INTERNATIONAL STANDARD BOOK NUMBER
International Standard Book Number 9781935179016
040 ## - CATALOGING SOURCE
Original cataloging agency DLC
Transcribing agency DLC
Modifying agency DLC
050 ## - LIBRARY OF CONGRESS CALL NUMBER
Classification number PZ7.S64 L
082 ## - DEWEY DECIMAL CLASSIFICATION NUMBER
Classification number 741.5
100 1# - MAIN ENTRY--PERSONAL NAME
Personal name Smith, Jeff,
Dates associated with a name 1960 February 27-
245 10 - TITLE STATEMENT
Title Little mouse gets ready :
Statement of responsibility, etc. A Toon book by Jeff Smith
260 ## - PUBLICATION, DISTRIBUTION, ETC.
Place of publication, distribution, etc. New York :
Name of publisher, distributor, etc. Toon Books,
Date of publication, distribution, etc. 2009.
300 ## - PHYSICAL DESCRIPTION
Extent 31 pages :
Other physical details color illustrations ;
Dimensions 16 x 23 cm.
500 ## - GENERAL NOTE
General note "A Junior Library Guild selection
505 ## - FORMATTED CONTENTS NOTE
Formatted contents note H<br/>
520 ## - SUMMARY, ETC.
Summary, etc. Little Mouse gets dressed to go to the barn with his mother, brothers, and sisters.
521 8# - TARGET AUDIENCE NOTE
Target audience note 440<br/>
Source Lexile<br/>
521 8# - TARGET AUDIENCE NOTE
Target audience note H<br/>
Source Raz-Plus<br/>
650 #1 - SUBJECT ADDED ENTRY--TOPICAL TERM
Topical term or geographic name entry element Graphic novels.
650 #1 - SUBJECT ADDED ENTRY--TOPICAL TERM
Topical term or geographic name entry element Mice
Form subdivision Fiction.
650 #1 - SUBJECT ADDED ENTRY--TOPICAL TERM
Topical term or geographic name entry element Clothing and dress
Form subdivision Fiction.
655 #0 - INDEX TERM--GENRE/FORM
Genre/form data or focus term Graphic novels.
906 ## - LOCAL DATA ELEMENT F, LDF (RLIN)
a 7
b cbc
c orignew
d 1
e ecip
f 20
g y-gencatlg
942 ## - ADDED ENTRY ELEMENTS (KOHA)
Source of classification or shelving scheme Dewey Decimal Classification
Koha item type Books
Suppress in OPAC No
Holdings
Withdrawn status Lost status Source of classification or shelving scheme Damaged status Not for loan Collection Home library Current library Shelving location Date acquired Total Checkouts Full call number Barcode Date last seen Copy number Price effective from Koha item type
    Dewey Decimal Classification     Juvenile Fiction Footprints International School Library Network Toul Kork Campus Footprints International School Library Network Toul Kork Campus A TK Campus, Comic Books (All Reading Levels), B401 Bookcase 1/2, Shelf 3 04/08/2025   SMI 741.5 PZ7.S64 L FISTK01496 04/08/2025 1 04/08/2025 Books
    Dewey Decimal Classification     Juvenile Fiction Footprints International School Library Network Toul Tom Poung Campus Footprints International School Library Network Toul Tom Poung Campus TTP Comic Books all Levels 09/15/2025   SMI 741.5 PZ7.S64 L FISTK01495 09/15/2025 2 09/15/2025 Books